U.S States With the Letter U - Statistics

General Stats
  • This quiz has been taken 117 times
  • The average score is 7 of 8
Answer Stats
U.S States % Correct
Utah
96%
Louisiana
93%
South Carolina
92%
South Dakota
92%
Kentucky
88%
Missouri
87%
Massachusetts
86%
Connecticut
80%
No matching quizzes found
Score Distribution
Percent of People with Each Score
Percentile by Number Answered
Your Score History
You have not taken this quiz